000 00355 a2200157 4500
001 17021
020 _a9788572087568
040 _cAnchieta - Bela Vista
100 _aMedeiros, Maria Augusta de
240 1 0 _aCores em Cordel
_lpor
245 1 0 _aCores em Cordel
300 _a31
362 0 _a2012
650 4 _aLiteratura infanto-juvenil
942 _cBK
999 _c17021
_d17021